Vampire Empire Lyrics Big Thief - Statistics

General Stats
  • This quiz has been taken 52 times
  • The average score is 282 of 360
Answer Stats
Answer % Correct
a
100%
the
100%
all
97%
i
97%
you
97%
and
94%
be
94%
not
94%
are
91%
in
91%
me
91%
to
91%
with
91%
as
88%
it
88%
want
88%
we
88%
i'm
84%
like
84%
nothing
84%
see
84%
snow
84%
then
84%
turn
84%
can't
81%
chills
81%
empire
81%
find
81%
fire
81%
give
81%
go
81%
had
81%
it's
81%
let
81%
seem
81%
start
81%
trying
81%
vampire
81%
your
81%
am
78%
ask
78%
for
78%
hold
78%
inside
78%
i've
78%
matches
78%
on
78%
out
78%
pills
78%
spin
78%
surrender
78%
time
78%
where
78%
around
75%
books
75%
control
75%
hear
75%
him
75%
last
75%
read
75%
she
75%
through
75%
what
75%
falling
72%
her
72%
into
72%
so
72%
dagger
69%
every
69%
man
69%
said
69%
'til
69%
wanna
69%
woman
69%
yeah
69%
yourself
69%
alive
66%
bed
66%
disease
66%
everything
66%
just
66%
kills
66%
one
66%
outside
66%
tired
66%
under
66%
understand
66%
until
66%
wanted
66%
you've
66%
could
63%
dead
63%
drills
63%
empty
63%
that
63%
tv
63%
walked
63%
watching
63%
been
59%
by
59%
expired
59%
keep
59%
leaves
59%
naked
59%
quiet
59%
say
59%
scream
59%
well
59%
fills
56%
flower
56%
has
56%
milk
56%
realizing
56%
reeling
56%
skin
56%
children
53%
come
53%
emptied
53%
feeding
53%
guilt
53%
hour
53%
kiss
53%
lay
53%
my
53%
power
53%
bleeding
50%
earthly
50%
feeling
50%
receiving
50%
rejecting
50%
there
50%
dissecting
47%
open
47%
overwhelmed
47%
shower
47%
filled
44%
pillow
44%
pond
44%
upon
44%
ah-ah
41%
protecting
38%
jumped
31%
alonw
6%
No matching quizzes found
Score Distribution
Percent of People with Each Score
Percentile by Number Answered
Your Score History
You have not taken this quiz